Loading...
| Geography/Current Events | 0 | 2 | 0 | 0 | 20 | 76 | 80.00 | 0 | 2 |
| History - World History | 0 | 2 | 1 | 0 | 15 | 34 | 58.50 | 1 | 1 |
| History - American History | 0 | 1 | 0 | 0 | 10 | 72 | 72.00 | 1 | 1 |
| Literature - American Literature | 0 | 1 | 0 | 0 | 10 | 104 | 104.00 | 0 | 0 |
| Mythology | 0 | 1 | 0 | 1 | 10 | 112 | 112.00 | 0 | 0 |
| Religion | 0 | 1 | 0 | 0 | 10 | 133 | 133.00 | 0 | 0 |
| Science - Other Science | 0 | 1 | 1 | 0 | 5 | 69 | 69.00 | 0 | 0 |
| History - Other History | 0 | 1 | 1 | 0 | 5 | 68 | 68.00 | 0 | 0 |
| Science - Biology | 0 | 1 | 1 | 1 | 5 | 114 | 114.00 | 0 | 0 |
| Literature - European Literature | 0 | 0 | 0 | 0 | 0 | 0.00 | 0 | 0 | |
| Science - Physics | 0 | 0 | 1 | 0 | -5 | 0.00 | 0 | 0 | |
| History - European History | 0 | 0 | 1 | 0 | -5 | 0.00 | 0 | 0 | |
| Philosophy | 0 | 0 | 1 | 0 | -5 | 0.00 | 0 | 0 | |
| Fine Arts - Other Fine Arts | 0 | 0 | 1 | 0 | -5 | 0.00 | 0 | 0 |